000 01146pam a2200373 a 4500
001 6257102
003 ARRUPE
005 20150807124724.0
008 070109s2007 enk b 001 0 eng
015 _aGBA704723
_2bnb
016 7 _a013645703
_2Uk
020 _a9780826486004 (hbk.)
020 _a0826486002 (hbk.)
020 _a0826486010 (pbk.)
020 _a9780826486011 (pbk.)
035 _a(OCoLC)OCM78989355
035 _a(OCoLC)78989355
035 _a(NNC)6257102
040 _aUKM
_cUKM
_dBAKER
_dBTCTA
_dYDXCP
_dC#P
050 4 _aB2430.D484
_bW65 2007
082 0 4 _a194
_222
100 1 _aWolfreys, Julian,
_d1958-
_918555
245 1 0 _aDerrida :
_ba guide for the perplexed /
_cJulian Wolfreys.
260 _aLondon ;
_aNew York :
_bContinuum,
_cc2007.
300 _axvii, 172 p. ;
_c22 cm.
490 1 _aGuides for the perplexed
504 _aIncludes bibliographical references (p. 166-168) and index.
600 1 0 _aDerrida, Jacques.
_918556
830 0 _aGuides for the perplexed.
_911161
942 _2lcc
_cMONOGRAPH
948 1 _a20070821
_bc
_cas2107
_dMPS
948 2 _a20070913
_ba
_csds12
_dMPS
999 _c123046
_d123046